书目信息 |
| 题名: |
球墨铸铁预制直埋供热管道设计安装手册
|
|
| 作者: | 王飞 , 何齐书 主编 | |
| 分册: | ||
| 出版信息: | 北京 电子工业出版社 2025.03 |
|
| 页数: | X, 190页 | |
| 开本: | 24cm | |
| 丛书名: | ||
| 单 册: | ||
| 中图分类: | TU833-62 | |
| 科图分类: | ||
| 主题词: | 球墨铸铁--qiu mo zhu tie--应用--供热管道--管线设计--手册 , 球墨铸铁--qiu mo zhu tie--应用--供热管道--管道安装--手册 | |
| 电子资源: | ||
| ISBN: | 978-7-121-49728-5 | |
| 000 | 01238nam0 2200277 450 | |
| 001 | 95176 | |
| 005 | 20250901201512.87 | |
| 010 | @a978-7-121-49728-5@dCNY88.00 | |
| 100 | @a20250328d2025 em y0chiy50 ea | |
| 101 | 0 | @achi |
| 102 | @aCN@b110000 | |
| 105 | @aa a 000yy | |
| 106 | @ar | |
| 200 | 1 | @a球墨铸铁预制直埋供热管道设计安装手册@Aqiu mo zhu tie yu zhi zhi mai gong re guan dao she ji an zhuang shou ce@f王飞, 何齐书主编 |
| 210 | @a北京@c电子工业出版社@d2025.03 | |
| 215 | @aX, 190页@c图@d24cm | |
| 314 | @a王飞, 太原理工大学教授、硕士生导师、从事供热工程教学, 科研、工程设计、工程咨询、技术服务, 供热节能改造等40余年, 培养供热研究生60余人。 | |
| 320 | @a有书目 (第189-190页) | |
| 330 | @a本书介绍了球墨铸铁管道、管件及其预制保温管、保温管件的结构、性能等 ; 以及球墨铸铁预制保温管道直埋敷设的工程设计、工程施工及验收等 ; 还介绍了独特的承插连接柔性管系直埋敷设技术、刚性管系和柔性管系结合敷设技术。 | |
| 606 | 0 | @a球墨铸铁@Aqiu mo zhu tie@x应用@x供热管道@x管线设计@j手册 |
| 606 | 0 | @a球墨铸铁@Aqiu mo zhu tie@x应用@x供热管道@x管道安装@j手册 |
| 690 | @aTU833-62@v5 | |
| 701 | 0 | @a王飞@Awang fei@4主编 |
| 701 | 0 | @a何齐书@Ahe qi shu@4主编 |
| 801 | 0 | @aCN@c20250909 |
| 905 | @a河南城建学院图书馆@dTU833-62@eW173@f1 | |
| 球墨铸铁预制直埋供热管道设计安装手册/王飞, 何齐书主编.-北京:电子工业出版社,2025.03 |
| X, 190页:图;24cm |
| ISBN 978-7-121-49728-5:CNY88.00 |
| 本书介绍了球墨铸铁管道、管件及其预制保温管、保温管件的结构、性能等 ; 以及球墨铸铁预制保温管道直埋敷设的工程设计、工程施工及验收等 ; 还介绍了独特的承插连接柔性管系直埋敷设技术、刚性管系和柔性管系结合敷设技术。 |
| ● |
| 相关链接 |
|
|
|
正题名:球墨铸铁预制直埋供热管道设计安装手册
索取号:TU833-62/W173
 
预约/预借
| 序号 | 登录号 | 条形码 | 馆藏地/架位号 | 状态 | 备注 |
| 1 | 1629234 | 216292349 | 建筑库201/201建筑库 52排4列4层/ [索取号:TU833-62/W173] | 在馆 |